What's a Body to Do?: (Record no. 3533)

MARC details
000 -LEADER
fixed length control field 00531nam a22001697a 4500
003 - CONTROL NUMBER IDENTIFIER
control field GBCCL
005 - DATE AND TIME OF LATEST TRANSACTION
control field 20241126110457.0
008 - FIXED-LENGTH DATA ELEMENTS--GENERAL INFORMATION
fixed length control field 171129b xxu||||| |||| 00| 0 eng d
040 ## - CATALOGING SOURCE
Transcribing agency gbc
082 ## - DEWEY DECIMAL CLASSIFICATION NUMBER
Classification number 262
Item number VAN
100 ## - MAIN ENTRY--PERSONAL NAME
Personal name Vander, Herbert Lugt
9 (RLIN) 7076
245 ## - TITLE STATEMENT
Title What's a Body to Do?:
Remainder of title A Look at the Actions and Attitudes of a Healthy Church /
Statement of responsibility, etc. Herbert Vander Lugt and David C. Egner
260 ## - PUBLICATION, DISTRIBUTION, ETC.
Place of publication, distribution, etc. United States of America:
Name of publisher, distributor, etc. Radio Bible Class,
Date of publication, distribution, etc. 1982
300 ## - PHYSICAL DESCRIPTION
Extent 96p.;
Dimensions 18 cm.
650 ## - SUBJECT ADDED ENTRY--TOPICAL TERM
Topical term or geographic name entry element Church
9 (RLIN) 263
942 ## - ADDED ENTRY ELEMENTS (KOHA)
Source of classification or shelving scheme Dewey Decimal Classification
Koha item type Books
Koha issues (borrowed), all copies 1
Holdings
Withdrawn status Lost status Source of classification or shelving scheme Damaged status Not for loan Home library Current Library Shelving location Date acquired Total checkouts Full call number Barcode Date last seen Date last checked out Copy number Price effective from Koha item type
    Dewey Decimal Classification     GRACE BIBLE COLLEGE GRACE BIBLE COLLEGE Ministry & Mission 2017-11-29 1 262 VAN 002337 2025-05-01 2022-07-22 c.1 2017-11-29 Books
© Grace Bible College Library 2025